Normal view
MARC view
- CHAPMAN, R
Entry Personal Name
001 - CONTROL NUMBER
- control field: 74988
003 - CONTROL NUMBER IDENTIFIER
- control field: NUST
005 - DATE AND TIME OF LATEST TRANSACTION
- control field: 20210628205329.0
008 - FIXED-LENGTH DATA ELEMENTS
- fixed length control field: 210628|| aca||aabn | a|a d
040 ## - CATALOGING SOURCE
- Original cataloging agency: NUST
- Transcribing agency: NUST
100 ## - HEADING--PERSONAL NAME
- Personal name: CHAPMAN, R
670 ## - SOURCE DATA FOUND
- Source citation: Work cat.: (NUST): CHAPMAN, R, ATOMIC ENERGY FOR ALLA PAYMAN'S GUIDE TO THE ATOM AND ITS USES, 1960
